00343nam a22000977a 450000500170000010000690001724500800008626000270016630000090019370000430020220260629133908.0 aNimrah Manzoor a21-MEEE-09aSupervisor - Dr. Abdul Rehman Jatoi aReduction of Turbidity From Synthetic Water Using Natural Seeds (Thesis ME) aNawabshahbQUESTc2025 a80p. aDepartment of Environment Engineering